000 00311nam a22001337a 4500
008 170607b xxu||||| |||| 00| 0 eng d
020 _a9780393928976
041 _aeng
080 _24TH
_a94
100 _a18
101 _aSHH
245 _aESSENTIALS OF INTERNATIONAL RELATIONS
_cMINGST,K.A
942 _2udc
_cBK
999 _c16332
_d16332